<?xml version="1.0" encoding="UTF-8"?>
<record
    xmlns:xsi="http://www.w3.org/2001/XMLSchema-instance"
    xsi:schemaLocation="http://www.loc.gov/MARC21/slim http://www.loc.gov/standards/marcxml/schema/MARC21slim.xsd"
    xmlns="http://www.loc.gov/MARC21/slim">

  <leader>01352nam a2200241 a 4500</leader>
  <controlfield tag="001">74373</controlfield>
  <controlfield tag="003">BD-RjUL</controlfield>
  <controlfield tag="005">20211209082537.0</controlfield>
  <controlfield tag="008">180805s2018    bg ||||| |||| 00| 0 b   d</controlfield>
  <datafield tag="035" ind1=" " ind2=" ">
    <subfield code="a">(BD-RjUL)74591</subfield>
  </datafield>
  <datafield tag="040" ind1=" " ind2=" ">
    <subfield code="a">BD-RjUL</subfield>
    <subfield code="b">eng</subfield>
    <subfield code="c">BD-RjUL</subfield>
  </datafield>
  <datafield tag="041" ind1=" " ind2=" ">
    <subfield code="a">eng</subfield>
  </datafield>
  <datafield tag="082" ind1=" " ind2=" ">
    <subfield code="2">23</subfield>
    <subfield code="a">297</subfield>
    <subfield code="b">FAS 2018</subfield>
  </datafield>
  <datafield tag="100" ind1="1" ind2=" ">
    <subfield code="a">&#x9AB;&#x9BE;&#x993;&#x9AF;&#x9BE;&#x9A8;, &#x99B;&#x9B2;&#x9BF;&#x9B9; &#x987;&#x9AC;&#x9A8;&#x9C7; &#x9AB;&#x9BE;&#x993;&#x9AF;&#x9BE;&#x9A8; </subfield>
    <subfield code="9">222117</subfield>
  </datafield>
  <datafield tag="245" ind1="1" ind2="0">
    <subfield code="a"> /&#x634;&#x631;&#x62D; (&#x645;&#x633;&#x627;&#x621;&#x644; &#x627;&#x644;&#x62C;&#x627;&#x647;&#x644;&#x64A;&#x629; &#x644;&#x645;&#x62D;&#x645;&#x62F; &#x628;&#x646; &#x639;&#x628;&#x62F; &#x627;&#x644;&#x648;&#x647;&#x627;&#x628; =&#x9B6;&#x9BE;&#x9B0;&#x9B9;&#x9C1; &#x9AE;&#x9BE;&#x9B8;&#x9BE;&#x987;&#x9B2;&#x9BF;&#x9B2; &#x99C;&#x9BE;&#x9B9;&#x9BF;&#x9B2;&#x9BF;&#x9AF;&#x9BC;&#x9CD;&#x9AF;&#x9BE;&#x9B9; </subfield>
    <subfield code="c"> &#x635;&#x627;&#x644;&#x62D; &#x628;&#x646; &#x641;&#x624;&#x632;&#x627;&#x646; &#x628;&#x646; &#x639;&#x628;&#x62F; &#x627;&#x644;&#x644;&#x647; &#x627;&#x644;&#x641;&#x624;&#x632;&#x627;&#x646; =&#x99B;&#x9B2;&#x9BF;&#x9B9; &#x987;&#x9AC;&#x9A8;&#x9C7; &#x9AB;&#x9BE;&#x993;&#x9AF;&#x9BE;&#x9A8; &#x986;&#x9B2; &#x9AB;&#x9BE;&#x993;&#x9AF;&#x9BE;&#x9A8; ; &#x9B8;&#x9AE;&#x9CD;&#x9AA;&#x9BE;&#x9A6;&#x995;, &#x986;&#x9AC;&#x9CD;&#x9A6;&#x9C1;&#x9B2; &#x986;&#x9B2;&#x9BF;&#x9AE; &#x987;&#x9AC;&#x9A8;&#x9C7; &#x995;&#x9BE;&#x993;&#x9B8;&#x9BE;&#x9B0; &#x9AE;&#x9BE;&#x9A6;&#x9BE;&#x9A8;&#x9C0; ; &#x985;&#x9A8;&#x9C1;&#x9AC;&#x9BE;&#x9A6; &#x9AE;&#x9C1;&#x99C;&#x9BE;&#x9AB;&#x9AB;&#x9BE;&#x9B0; &#x9AC;&#x9BF;&#x9A8; &#x9AE;&#x9C1;&#x995;&#x9B8;&#x9C7;&#x9A6;</subfield>
  </datafield>
  <datafield tag="260" ind1=" " ind2=" ">
    <subfield code="a">&#x995;&#x9BE;&#x99F;&#x9BE;&#x996;&#x9BE;&#x9B2;&#x9BF;; &#x9B0;&#x9BE;&#x99C;&#x9B6;&#x9BE;&#x9B9;&#x9C0; &#x983;</subfield>
    <subfield code="b">&#x9AE;&#x9BE;&#x995; &#x9A4;&#x9C1;&#x9AC;&#x9BE;&#x9A4;&#x9C1;&#x9B8;&#x9B8;&#x9C1;&#x9A8;&#x9CD;&#x9A8;&#x9BE;&#x9B9; ,</subfield>
    <subfield code="c">&#x9E8;&#x9E6;&#x9E7;&#x9EE;</subfield>
  </datafield>
  <datafield tag="300" ind1=" " ind2=" ">
    <subfield code="a">&#x9E9;&#x9E8;&#x9E6; &#x9AA;&#x9C3;. ;</subfield>
    <subfield code="c">&#x9E8;&#x9E8; &#x9B8;&#x9C7;&#x9AE;&#x9BF;</subfield>
  </datafield>
  <datafield tag="650" ind1=" " ind2=" ">
    <subfield code="a">&#x987;&#x9B8;&#x9B2;&#x9BE;&#x9AE;</subfield>
    <subfield code="9">222118</subfield>
  </datafield>
  <datafield tag="650" ind1=" " ind2=" ">
    <subfield code="a">Islam</subfield>
    <subfield code="9">222119</subfield>
  </datafield>
  <datafield tag="700" ind1=" " ind2=" ">
    <subfield code="a">&#x9AE;&#x9BE;&#x9A6;&#x9BE;&#x9A8;&#x9C0;, &#x986;&#x9AC;&#x9CD;&#x9A6;&#x9C1;&#x9B2; &#x986;&#x9B2;&#x9BF;&#x9AE; &#x987;&#x9AC;&#x9A8;&#x9C7; &#x995;&#x9BE;&#x993;&#x9B8;&#x9BE;&#x9B0; </subfield>
    <subfield code="9">222120</subfield>
  </datafield>
  <datafield tag="700" ind1=" " ind2=" ">
    <subfield code="a">&#x9AE;&#x9C1;&#x99C;&#x9BE;&#x9AB;&#x9AB;&#x9BE;&#x9B0; &#x9AC;&#x9BF;&#x9A8; &#x9AE;&#x9C1;&#x995;&#x9B8;&#x9C7;&#x9A6;</subfield>
    <subfield code="9">222122</subfield>
  </datafield>
  <datafield tag="942" ind1=" " ind2=" ">
    <subfield code="2">ddc</subfield>
    <subfield code="c">BK</subfield>
  </datafield>
  <datafield tag="999" ind1=" " ind2=" ">
    <subfield code="c">74373</subfield>
    <subfield code="d">74373</subfield>
  </datafield>
  <datafield tag="952" ind1=" " ind2=" ">
    <subfield code="0">0</subfield>
    <subfield code="1">0</subfield>
    <subfield code="2">ddc</subfield>
    <subfield code="4">0</subfield>
    <subfield code="7">1</subfield>
    <subfield code="8">NFIC</subfield>
    <subfield code="a">RUCL</subfield>
    <subfield code="b">RUCL</subfield>
    <subfield code="c">Reading</subfield>
    <subfield code="d">2018-04-19</subfield>
    <subfield code="e">Dr. Mosharaf Hosen</subfield>
    <subfield code="g">250.00</subfield>
    <subfield code="l">0</subfield>
    <subfield code="o">B 297 FAS 2018</subfield>
    <subfield code="r">2018-08-05 00:00:00</subfield>
    <subfield code="t">C-1</subfield>
    <subfield code="w">2021-12-09</subfield>
    <subfield code="y">BK</subfield>
  </datafield>
</record>
